Online
Catalog
Normal view MARC view

Entry Nombre geográfico

Number of records used in: 3

001 - NÚMERO DE CONTROL

  • campo de control: 71485

003 - IDENTIFICADOR DEL NÚMERO DE CONTROL

  • campo de control: OSt

005 - FECHA Y HORA DE LA ÚLTIMA TRANSACCIÓN

  • campo de control: 20240409120939.0

008 - DATOS DE LONGITUD FIJA

  • campo de control de longitud fija: 200615|| aca||aabn | a|a d

040 ## - FUENTE DE LA CATALOGACIÓN

  • Centro catalogador/agencia de origen: OSt
  • Centro/agencia transcriptor: OSt

151 ## - ENCABEZAMIENTO--NOMBRE GEOGRÁFICO

  • Nombre geográfico: REPÚBLICA DOMINICANA
  • Subdivisión general: HISTORIA
  • Subdivisión cronológica: OCUPACIÓN NORTEAMERICANA, 1916-1924
  • Subdivisión general: ENSAYOS, CONFERENCIAS, ETC

670 ## - FUENTE DE DATOS ENCONTRADOS

  • Cita de la fuente: Work cat.: (OSt)43142: Pina Toribio, César, 1946- 30808, El 12 de julio en el pensamiento de Juan Bosch. /, 1998.

Powered by Koha